Social work practice with culturally diverse people (Record no. 481266)
[ view plain ]
| 000 -LEADER | |
|---|---|
| fixed length control field | 01551cam a2200361 a 4500 |
| 001 - CONTROL NUMBER | |
| control field | EDZ0000085219 |
| 003 - CONTROL NUMBER IDENTIFIER | |
| control field | StDuBDS |
| 005 - DATE AND TIME OF LATEST TRANSACTION | |
| control field | 20161031105204.0 |
| 006 - FIXED-LENGTH DATA ELEMENTS--ADDITIONAL MATERIAL CHARACTERISTICS--GENERAL INFORMATION | |
| fixed length control field | m||||||||d|||||||| |
| 007 - PHYSICAL DESCRIPTION FIXED FIELD--GENERAL INFORMATION | |
| fixed length control field | cr ||||||||||| |
| 008 - FIXED-LENGTH DATA ELEMENTS--GENERAL INFORMATION | |
| fixed length control field | 120521s2001 cau fo| 001|0|eng|d |
| 020 ## - INTERNATIONAL STANDARD BOOK NUMBER | |
| International Standard Book Number | 9781452232713 (ebook) : |
| Terms of availability | No price |
| 040 ## - CATALOGING SOURCE | |
| Original cataloging agency | StDuBDS |
| Language of cataloging | eng |
| Transcribing agency | StDuBDS |
| Description conventions | pn |
| 049 ## - LOCAL HOLDINGS (OCLC) | |
| Holding library | Alfaisal Main Library |
| 050 #0 - LIBRARY OF CONGRESS CALL NUMBER | |
| Classification number | HV3176 |
| Item number | .D49 2001 |
| 082 04 - DEWEY DECIMAL CLASSIFICATION NUMBER | |
| Classification number | 362.8400973 |
| Edition number | 23 |
| 100 1# - MAIN ENTRY--PERSONAL NAME | |
| Personal name | Dhooper, Surjit Singh. |
| 245 10 - TITLE STATEMENT | |
| Title | Social work practice with culturally diverse people |
| Medium | [electronic resource] / |
| Statement of responsibility, etc | Surjit Singh Dhooper, Sharon E. Moore. |
| 260 ## - PUBLICATION, DISTRIBUTION, ETC. (IMPRINT) | |
| Place of publication, distribution, etc | Thousand Oaks, Calif. ; |
| -- | London : |
| Name of publisher, distributor, etc | SAGE, |
| Date of publication, distribution, etc | c2001. |
| 300 ## - PHYSICAL DESCRIPTION | |
| Extent | 1 online resource (xiii, 287 p.) |
| 520 8# - SUMMARY, ETC. | |
| Summary, etc | Presenting an approach to competent social work practice which takes into account the growing multiculturalism of society, this text discusses the need for social workers to be aware of, and appreciate both their own culture and that of others. |
| 521 ## - TARGET AUDIENCE NOTE | |
| Target audience note | Specialized. |
| 588 ## - | |
| -- | Description based on print version record. |
| 504 ## - BIBLIOGRAPHY, ETC. NOTE | |
| Bibliography, etc | Includes bibliographical references and index. |
| 650 #0 - SUBJECT ADDED ENTRY--TOPICAL TERM | |
| Topical term or geographic name as entry element | Social work with minorities |
| Geographic subdivision | United States. |
| 650 #0 - SUBJECT ADDED ENTRY--TOPICAL TERM | |
| Topical term or geographic name as entry element | Minorities |
| Geographic subdivision | United States. |
| 655 #7 - INDEX TERM--GENRE/FORM | |
| Genre/form data or focus term | Electronic books. |
| Source of term | local |
| 700 1# - ADDED ENTRY--PERSONAL NAME | |
| Personal name | Moore, Sharon E. |
| 710 2# - ADDED ENTRY--CORPORATE NAME | |
| Corporate name or jurisdiction name as entry element | Sage eBooks |
| 776 08 - ADDITIONAL PHYSICAL FORM ENTRY | |
| Display text | Print version : |
| International Standard Book Number | 9780761912972 |
| 856 40 - ELECTRONIC LOCATION AND ACCESS | |
| Uniform Resource Identifier | <a href="http://ezproxy.alfaisal.edu/login?url=http://sk.sagepub.com/books/social-work-practice-with-culturally-diverse-people">http://ezproxy.alfaisal.edu/login?url=http://sk.sagepub.com/books/social-work-practice-with-culturally-diverse-people</a> |
| 942 ## - ADDED ENTRY ELEMENTS (KOHA) | |
| Source of classification or shelving scheme | Library of Congress Classification |
| Koha item type | eBooks |
No items available.

